Le più recenti scoperte ed applicazioni della Psichiatria ed Antropologia criminale / (Record no. 157940)
[ view plain ]
| 000 -LEADER | |
|---|---|
| campo de control de longitud fija | 00910nam a22002055i 4500 |
| 001 - NÚMERO DE CONTROL | |
| campo de control | 157940 |
| 003 - IDENTIFICADOR DE NÚMERO DE CONTROL | |
| campo de control | ES-MaACL |
| 005 - FECHA Y HORA DE LA ÚLTIMA TRANSACCIÓN | |
| campo de control | 20250902063109.0 |
| 008 - DATOS DE LONGITUD FIJA--INFORMACIÓN GENERAL | |
| campo de control de longitud fija | 991112s1893 it |||| | ita d |
| 040 ## - FUENTE DE CATALOGACIÓN | |
| Centro catalogador/agencia de origen | M-RAJU |
| Lengua de catalogación | spa |
| Centro/agencia transcriptor | M-RAJU |
| Centro/agencia modificador | CCPB | B |
| 100 1# - ENTRADA PRINCIPAL--NOMBRE DE PERSONA | |
| Nombre de persona | Lombroso, Cesare, |
| Fechas asociadas al nombre | 1835-1909 |
| 9 (RLIN) | 242173 |
| 245 13 - MENCIÓN DEL TÍTULO | |
| Título | Le più recenti scoperte ed applicazioni della Psichiatria ed Antropologia criminale / |
| Mención de responsabilidad, etc. | Cesare Lombroso. |
| 260 ## - PUBLICACIÓN, DISTRIBUCIÓN, ETC. | |
| Lugar de publicación, distribución, etc. | Torino : |
| Nombre del editor, distribuidor, etc. | Fratelli Bocca, |
| Fecha de publicación, distribución, etc. | 1893. |
| 300 ## - DESCRIPCIÓN FÍSICA | |
| Extensión | VIII, 431 p. ; |
| Dimensiones | 21 cm. |
| 650 #4 - PUNTO DE ACCESO ADICIONAL DE MATERIA--TÉRMINO DE MATERIA | |
| Término de materia o nombre geográfico como elemento de entrada | Criminología. |
| 9 (RLIN) | 135832 |
| 650 #7 - PUNTO DE ACCESO ADICIONAL DE MATERIA--TÉRMINO DE MATERIA | |
| Término de materia o nombre geográfico como elemento de entrada | Antropología criminal |
| Fuente del encabezamiento o término | embne |
| 9 (RLIN) | 9866 |
| 650 #7 - PUNTO DE ACCESO ADICIONAL DE MATERIA--TÉRMINO DE MATERIA | |
| Término de materia o nombre geográfico como elemento de entrada | Psiquiatría |
| Fuente del encabezamiento o término | embne |
| 9 (RLIN) | 16586 |
| 852 ## - LOCALIZACIÓN | |
| Ubicación | ES-MaACL |
| Número de control de estantería | F-9401 |
| Nota libre | -- Enc. pasta española conservando la cub. original |
| Encuadernación | -- Edic.: El imp. es: Torino : Tip. e Lit. Camilla e Bertolero -- En la cub. original consta la serie: (Biblioteca antropologico-giuridica. Serie I; 18) |
| Estatus retirado | Estado de pérdida | Estado de daño | No para préstamo | Colección | Biblioteca de origen | Biblioteca actual | Ubicación en estantería | Fecha de adquisición | Fuente de adquisición | Total de préstamos | Signatura topográfica completa | Código de barras | Visto por última vez | Precio de reemplazo | Tipo de ítem Koha |
|---|---|---|---|---|---|---|---|---|---|---|---|---|---|---|---|
| Libros del s. XIX | Biblioteca del Ateneo de Madrid | Biblioteca del Ateneo de Madrid | Sala Pecera Planta 2 | 17/01/2008 | F-9401 | 1165295 | 23/02/2023 | 23/02/2023 | Libro impreso antiguo |
